Normal view
MARC view
- Javed, Ali
Entry Personal Name
001 - CONTROL NUMBER
- control field: 81926
003 - CONTROL NUMBER IDENTIFIER
- control field: NUST
005 - DATE AND TIME OF LATEST TRANSACTION
- control field: 20210830103254.0
008 - FIXED-LENGTH DATA ELEMENTS
- fixed length control field: 210830|| aca||aabn | a|a d
040 ## - CATALOGING SOURCE
- Original cataloging agency: NUST
- Transcribing agency: NUST
100 ## - HEADING--PERSONAL NAME
- Personal name: Javed, Ali
670 ## - SOURCE DATA FOUND
- Source citation: Work cat.: (NUST): Javed, Ali, The Blessings of Ramadan, 2013.
